<?xml version="1.0" encoding="UTF-8"?>
<record
    xmlns:xsi="http://www.w3.org/2001/XMLSchema-instance"
    xsi:schemaLocation="http://www.loc.gov/MARC21/slim http://www.loc.gov/standards/marcxml/schema/MARC21slim.xsd"
    xmlns="http://www.loc.gov/MARC21/slim">

  <leader>00348nam a2200145Ia 4500</leader>
  <controlfield tag="008">191201s2009    xx            000 0 und d</controlfield>
  <datafield tag="082" ind1=" " ind2=" ">
    <subfield code="a">658.4034</subfield>
    <subfield code="b">SHO</subfield>
  </datafield>
  <datafield tag="100" ind1=" " ind2=" ">
    <subfield code="a">SHARMA, J K</subfield>
  </datafield>
  <datafield tag="245" ind1=" " ind2="0">
    <subfield code="a">Operation Research Theory and Applications</subfield>
  </datafield>
  <datafield tag="250" ind1=" " ind2=" ">
    <subfield code="a">3rd</subfield>
  </datafield>
  <datafield tag="260" ind1=" " ind2=" ">
    <subfield code="a">N.Delhi</subfield>
    <subfield code="b">Macmillan</subfield>
    <subfield code="c">2009</subfield>
  </datafield>
  <datafield tag="300" ind1=" " ind2=" ">
    <subfield code="a">958</subfield>
  </datafield>
  <datafield tag="650" ind1=" " ind2=" ">
    <subfield code="a">MBA</subfield>
  </datafield>
  <datafield tag="942" ind1=" " ind2=" ">
    <subfield code="2">ddc</subfield>
    <subfield code="c">BK</subfield>
  </datafield>
  <datafield tag="999" ind1=" " ind2=" ">
    <subfield code="c">3077</subfield>
    <subfield code="d">3077</subfield>
  </datafield>
  <datafield tag="952" ind1=" " ind2=" ">
    <subfield code="0">0</subfield>
    <subfield code="1">0</subfield>
    <subfield code="2">ddc</subfield>
    <subfield code="4">0</subfield>
    <subfield code="7">0</subfield>
    <subfield code="8">MBA</subfield>
    <subfield code="a">PIET</subfield>
    <subfield code="b">PIET</subfield>
    <subfield code="d">2007-08-22</subfield>
    <subfield code="e">J B C, New Delhi</subfield>
    <subfield code="g">375.00</subfield>
    <subfield code="k">720</subfield>
    <subfield code="l">0</subfield>
    <subfield code="o">658.4034 SHO</subfield>
    <subfield code="p">7274</subfield>
    <subfield code="r">2019-12-04 00:00:00</subfield>
    <subfield code="w">2007-07-30</subfield>
    <subfield code="y">BK</subfield>
  </datafield>
  <datafield tag="952" ind1=" " ind2=" ">
    <subfield code="0">0</subfield>
    <subfield code="1">0</subfield>
    <subfield code="2">ddc</subfield>
    <subfield code="4">0</subfield>
    <subfield code="7">0</subfield>
    <subfield code="8">MBA</subfield>
    <subfield code="a">PIET</subfield>
    <subfield code="b">PIET</subfield>
    <subfield code="d">2007-08-22</subfield>
    <subfield code="e">J B C, New Delhi</subfield>
    <subfield code="g">375.00</subfield>
    <subfield code="k">720</subfield>
    <subfield code="l">2</subfield>
    <subfield code="o">658.4034 SHO</subfield>
    <subfield code="p">7275</subfield>
    <subfield code="q">2024-07-11</subfield>
    <subfield code="r">2024-01-13 00:00:00</subfield>
    <subfield code="s">2024-01-13</subfield>
    <subfield code="w">2007-07-30</subfield>
    <subfield code="y">BK</subfield>
  </datafield>
  <datafield tag="952" ind1=" " ind2=" ">
    <subfield code="0">0</subfield>
    <subfield code="1">0</subfield>
    <subfield code="2">ddc</subfield>
    <subfield code="4">0</subfield>
    <subfield code="7">0</subfield>
    <subfield code="8">MBA</subfield>
    <subfield code="a">PIET</subfield>
    <subfield code="b">PIET</subfield>
    <subfield code="d">2007-08-22</subfield>
    <subfield code="e">J B C, New Delhi</subfield>
    <subfield code="g">375.00</subfield>
    <subfield code="k">720</subfield>
    <subfield code="l">2</subfield>
    <subfield code="o">658.4034 SHO</subfield>
    <subfield code="p">7276</subfield>
    <subfield code="r">2023-04-12 00:00:00</subfield>
    <subfield code="s">2023-03-29</subfield>
    <subfield code="w">2007-07-30</subfield>
    <subfield code="y">BK</subfield>
  </datafield>
  <datafield tag="952" ind1=" " ind2=" ">
    <subfield code="0">0</subfield>
    <subfield code="1">0</subfield>
    <subfield code="2">ddc</subfield>
    <subfield code="4">0</subfield>
    <subfield code="7">0</subfield>
    <subfield code="8">MBA</subfield>
    <subfield code="a">PIET</subfield>
    <subfield code="b">PIET</subfield>
    <subfield code="d">2007-08-22</subfield>
    <subfield code="e">J B C, New Delhi</subfield>
    <subfield code="g">375.00</subfield>
    <subfield code="k">720</subfield>
    <subfield code="l">3</subfield>
    <subfield code="o">658.4034 SHO</subfield>
    <subfield code="p">7277</subfield>
    <subfield code="r">2024-04-23 00:00:00</subfield>
    <subfield code="s">2024-04-08</subfield>
    <subfield code="w">2007-07-30</subfield>
    <subfield code="y">BK</subfield>
  </datafield>
  <datafield tag="952" ind1=" " ind2=" ">
    <subfield code="0">0</subfield>
    <subfield code="1">0</subfield>
    <subfield code="2">ddc</subfield>
    <subfield code="4">0</subfield>
    <subfield code="7">0</subfield>
    <subfield code="8">MBA</subfield>
    <subfield code="a">PIET</subfield>
    <subfield code="b">PIET</subfield>
    <subfield code="d">2007-08-22</subfield>
    <subfield code="e">J B C, New Delhi</subfield>
    <subfield code="g">375.00</subfield>
    <subfield code="k">720</subfield>
    <subfield code="l">3</subfield>
    <subfield code="o">658.4034 SHO</subfield>
    <subfield code="p">7278</subfield>
    <subfield code="r">2023-03-28 00:00:00</subfield>
    <subfield code="s">2023-03-15</subfield>
    <subfield code="w">2007-07-30</subfield>
    <subfield code="y">BK</subfield>
  </datafield>
  <datafield tag="952" ind1=" " ind2=" ">
    <subfield code="0">0</subfield>
    <subfield code="1">0</subfield>
    <subfield code="2">ddc</subfield>
    <subfield code="4">0</subfield>
    <subfield code="7">0</subfield>
    <subfield code="8">MBA</subfield>
    <subfield code="a">PIET</subfield>
    <subfield code="b">PIET</subfield>
    <subfield code="d">2007-08-22</subfield>
    <subfield code="e">J B C, New Delhi</subfield>
    <subfield code="g">375.00</subfield>
    <subfield code="k">720</subfield>
    <subfield code="l">2</subfield>
    <subfield code="o">658.4034 SHO</subfield>
    <subfield code="p">7279</subfield>
    <subfield code="r">2024-02-14 00:00:00</subfield>
    <subfield code="s">2024-01-30</subfield>
    <subfield code="w">2007-07-30</subfield>
    <subfield code="y">BK</subfield>
  </datafield>
</record>
